ម៉ាទ្រីស (Record no. 8593)

000 -LEADER
fixed length control field 00312nam a22001217a 4500
040 ## - CATALOGING SOURCE
Transcribing agency HS
082 ## - DEWEY DECIMAL CLASSIFICATION NUMBER
Classification number 510
100 ## - MAIN ENTRY--AUTHOR NAME
Personal name អ៊ុន ប៊ុនលាង
245 ## - TITLE STATEMENT
Title ម៉ាទ្រីស
260 ## - PUBLICATION, DISTRIBUTION, ETC. (IMPRINT)
Place of publication Royal university agriculture
Name of publisher អ៊ុន ប៊ុនលាង
Year of publication 2001
300 ## - PHYSICAL DESCRIPTION
Number of Pages 114p;
942 ## - ADDED ENTRY ELEMENTS (KOHA)
Koha item type សៀវភៅភាសាខ្មែរ
952 ## - LOCATION AND ITEM INFORMATION (KOHA)
Withdrawn status [LOCAL, KOHA] 0
952 ## - LOCATION AND ITEM INFORMATION (KOHA)
Withdrawn status [LOCAL, KOHA] 0
952 ## - LOCATION AND ITEM INFORMATION (KOHA)
Withdrawn status [LOCAL, KOHA] 0
952 ## - LOCATION AND ITEM INFORMATION (KOHA)
Withdrawn status [LOCAL, KOHA] 0
952 ## - LOCATION AND ITEM INFORMATION (KOHA)
Withdrawn status [LOCAL, KOHA] 0
Holdings
Permanent Location Date acquired Koha item type Lost status Shelving location Barcode Current Location Full call number
Library Block C2016-08-05សៀវភៅភាសាខ្មែរ C244RUA045478Library Block C510 អ៊ុន 2001 C244
Library Block C2016-08-05សៀវភៅភាសាខ្មែរ C244RUA045529Library Block C510 អ៊ុន 2001 C244
Library Block C2016-09-08សៀវភៅភាសាខ្មែរ C169RUA045740Library Block C510 អ៊ុន 2001 C169
Library Block C2016-09-16សៀវភៅភាសាខ្មែរ  A02836Library Block C510 អ៊ុន 2001
Library Block C2016-09-16សៀវភៅភាសាខ្មែរ  A01710Library Block C510 អ៊ុន 2001
មជ្ឈមណ្ឌលឯការនៃសាកលវិទ្យាល័យភូមិន្ទកសិកម្មចំការដូង

Powered by Koha